00711nam a22002175i 4500001000700000003000900007005001700016008004100033080001100074080001400085100002200099245005900121260003800180300002100218490005100239500003800290650003000328650004700358830004700405852004100452178391ES-MaACL20250827100620.0110526s1970 sp |||| | spa d a930.85 a82.09"18"1 aTéllez, José.13aLa literatura en el Siglo XIX / cpor José Téllez. aMadrid : bDelblan, cD. L. 1970. a16 p. ; c16 cm.1 aMosaico cultural. 8. Historia universal ; v20 aEncuadernado con otros títulos.04aCivilización-xHistoria 4aLiteratura-yS.XIX-xHistoria y crítica.00aMosaico cultural. pHistoria universalv20 aES-MaACLjE-15195 (20) xOlim P-1923